00337nam a2200109 a 450000500170000000800410001705000220005810000180008024500630009826000480016170000180020920140414132112.0110805s19uu xx 00 eng d aREF 413bM26 2005 aKirby, Amanda a100 ideas :bfor supporting pupils with Dyspraxia and DCD. aNew York :bContinuum International,c2007. aPeters, Lynne